000
00255nam a2200097Ia 4500
001
789539
005
20250826170420.0
008
250824s9999 xx 000 0 und d
245
0
_a
GERÇEKLER KANIT İSTER
_c
SİR ARTHUR CONAN DOYLE
260
_b
MARTI YAYINLARI
999
_c
789539
_d
789539